000 00560nam a22001695i 4500
001 48797
003 ES-MaACL
005 20230906161825.0
007 t|
008 950731s1895 sp ||||1| spa d
040 _aCAM
_bspa
_cCAM
100 1 _aDíez y Vázquez-Aldana, Luis.
_944787
245 1 0 _aPoema histórico titulado cómo se gana una cruz /
_coriginal de Luis Diez y Vazquez-Aldana; y la poesía titulada ¡Patria!.
260 _aMadrid :
_b[s.n.],
_c1885 (
_fImpr. de Angel B. Velasco)
300 _a16 p. ;
_c20 cm.
852 _aES-MaACL
_jT-475-F-8
999 _c48797
_d48797